To Be or Not To Be Quiz Stats

 Plays Quiz not verified by Sporcle

Challenge
Share
Tweet
Embed
Score 0/33 Timer 10:00
0 Plays Today
Text of To Be or Not To Be % Correct
HINT: questionTo be or not to be, that is the question:
92.2%
sufferWhether 'tis nobler in the mind to suffer
82.9%
fortuneThe slings and arrows of outrageous fortune
81.5%
seaOr to take arms against a sea of troubles
68.8%
to dieAnd by opposing end them. To die, to sleep--
64.9%
to sleepDevoutly to be wished. To die, to sleep--
38%
natural shocksThe heartache, and the thousand natural shocks
34.1%
consummationThat flesh is heir to. 'Tis a consummation
30.7%
ayTo sleep--perchance to dream: ay, there's the rub
29.8%
we endNo more--and by a sleep to say we end
27.8%
deathFor in that sleep of death what dreams may come
27.3%
mortalWhen we have shuffled off this mortal coil,
27.3%
pauseMust give us pause. There's the respect
21.5%
calamityThat makes calamity of so long life.
20%
proudThe oppressor's wrong, the proud man's contumely
18.5%
whipsFor who would bear the whips and scorns of time,
18%
sweatTo grunt and sweat under a weary life,
17.6%
Text of To Be or Not To Be % Correct
fardelsWith a bare bodkin? Who would fardels bear,
17.1%
countryThe undiscovered country, from whose bourn
17.1%
officeThe insolence of office, and the spurns
16.6%
meritThat patient merit of the unworthy takes,
16.6%
quietusWhen he himself might his quietus make
16.6%
loveThe pangs of despised love, the law's delay,
16.1%
dreadBut that the dread of something after death,
15.6%
puzzlesNo traveller returns, puzzles the will,
15.6%
cowardsThus conscience does make cowards of us all,
15.6%
nativeAnd thus the native hue of resolution
15.1%
illsAnd makes us rather bear those ills we have
14.6%
paleIs sicklied o'er with the pale cast of thought,
14.1%
actionAnd lose the name of action.
13.7%
flyThan fly to others that we know not of?
12.7%
regardWith this regard their currents turn awry
11.7%
enterpriseAnd enterprise of great pitch and moment
8.8%

You're not logged in!

Compare scores with friends on all Sporcle quizzes.
Join for Free
OR
Log In

You Might Also Like...

Show Comments

Extras

Created Nov 1, 2010ReportNominate
Tags:speech, text

Top Quizzes Today


Score Distribution

Your Account Isn't Verified!

In order to create a playlist on Sporcle, you need to verify the email address you used during registration. Go to your Sporcle Settings to finish the process.

Report this User

Report this user for behavior that violates our Community Guidelines.

Details: